ბათუმის შოთა რუსთაველის სახელმწიფო უნივერსიტეტის ბიბლიოთეკა

გიორგი სააკაძე (ბიბ.ჩანაწერი № 50643)

000 -LEADER
fixed length control field 00774nam a2200217Ia 4500
001 - CONTROL NUMBER
control field 17593
003 - CONTROL NUMBER IDENTIFIER
control field GE_BSU
008 - FIXED-LENGTH DATA ELEMENTS--GENERAL INFORMATION
fixed length control field 181216s||||||||xx |||||||||||||| ||und||
040 ## - CATALOGING SOURCE
Transcribing agency GE_BSU
080 ## - UNIVERSAL DECIMAL CLASSIFICATION NUMBER
Universal Decimal Classification number 821.353.1-21
100 ## - MAIN ENTRY--PERSONAL NAME
Personal name ვაკელი,იონა(იონა ლუკას ძე მეგრელიძე)
245 ## - TITLE STATEMENT
Title გიორგი სააკაძე
245 ## - TITLE STATEMENT
Remainder of title ტრაგედია 4 მოქმედებად
245 ## - TITLE STATEMENT
Statement of responsibility, etc. რედ.:ვ.ჯიბუტი;მხატვ.:ე.ბოლქვაძე
260 ## - PUBLICATION, DISTRIBUTION, ETC.
Place of publication, distribution, etc. თბილისი
260 ## - PUBLICATION, DISTRIBUTION, ETC.
Name of publisher, distributor, etc. ხელოვნება
260 ## - PUBLICATION, DISTRIBUTION, ETC.
Date of publication, distribution, etc. 1957
300 ## - PHYSICAL DESCRIPTION
Extent 106 გვ. ; 17 სმ.
653 ## - INDEX TERM--UNCONTROLLED
Uncontrolled term ტრაგედია 4 მოქმედებად
942 ## - ADDED ENTRY ELEMENTS (KOHA)
Koha item type წიგნი
ეგზემპლარები
Withdrawn status Lost status Damaged status Not for loan Date acquired Barcode Date last seen Price effective from Koha item type Public note
        2018-12-17 22432 2018-12-17 2018-12-17 წიგნი აგრარული ტექ.ფაკ.